| 000 | 00541nam a2200157Ia 4500 | ||
|---|---|---|---|
| 005 | 20250423100317.0 | ||
| 008 | 250422s9999 xx 000 0 und d | ||
| 020 | _a978195183673 | ||
| 050 | _aHF 5667 .T87/ | ||
| 100 | _aTurner, Bruce R | ||
| 245 | 0 | _aNew Auditor’s Guide to Internal Auditing | |
| 260 | _c2023 | ||
| 300 | _axxi, ill. | ||
| 650 | _aAccounting; Internal Auditing; Forensic Accounting; Risk Management and Auditing; Financial Risk Management; Government Accounting and Auditing; Legal Aspects of Auditing. | ||
| 942 | _cBK | ||
| 999 |
_c32915 _d32915 |
||